BIBLIOTHÈQUE DE LA MAISON DU MEXIQUE

Logo 1 Logo 2

Civilizar o exterminar (notice nᵒ 6599)

détails MARC
000 -Sello discográfico
campo de control de longitud fija 01384nam a2200361 4500
005 - Identificación de versión
campo de control 20251016084707.0
010 ## - Número Estándar Internacional de Libros (ISBN)
Número (ISBN) 968-496-392-0
099 ## - fechas locales
Tipo de ítem Koha LIBRO
100 ## - Datos de procesamiento general
Datos de procesamiento general 20230704d2000 m y1spay5003 ba
105 ## - Campo de datos codificados: Material textual, monográfico
Datos codificados de monografía a 001zy
200 1# - Título y mención de responsabilidad
Título propio Civilizar o exterminar
Designación general del material texto impreso
Otra información del título Tarahumaras y apaches en Chihuahua, siglo XIX
Primer mención de responsabilidad Ricardo León García, Carlos González Herrera
205 ## - Declaración de edición
Declaración de edición 1a ed
210 ## - Publicación, distribución, etc.
Lugar de publicación, distribución, etc. México
Nombre del editor, distribuidor, etc. Centro de Investigaciones y Estudios Superiores en Antropología Social
-- Instituto Nacional Indigenista
Fecha de publicación, distribución, etc. 2000
215 ## - Descripción física
Designación de material específico y extensión del ítem 304 p
Otras características físicas il.
Dimensiones 21 cm
300 ## - Notas generales
Texto de la nota Incluye bibliografía
345 ## - Nota de información de adquisición
Fuente de adquisición/dirección de la suscripción [OBSOLETO] Donación Claude Bataillon
410 #1 - Series
Título Historia de los pueblos indígenas de México
606 ## - Término temático usado como materia
Elemento de entrada Apaches (Indios)
Subdivisión temática Condiciones sociales
Número Koha 12525
606 ## - Término temático usado como materia
Elemento de entrada Apaches (Indios)
Subdivisión temática Historia
Número Koha 12526
606 ## - Término temático usado como materia
Elemento de entrada Indios de Chihuahua
Subdivisión temática Condiciones sociales
Número Koha 12527
606 ## - Término temático usado como materia
Elemento de entrada Tarahumaras (Indios)
Subdivisión temática Condiciones sociales
Número Koha 12528
606 ## - Término temático usado como materia
Elemento de entrada Tarahumaras (Indios)
Subdivisión temática Historia
Número Koha 4678
660 ## - Código de área geográfica
Código MX
700 ## - Nombre personal - Responsabilidad primaria
Elemento de entrada León García
Parte del nombre distinta del elemento de entrada Ricardo
Número Koha 4679
701 ## - Nombre personal - Responsabilidad alternativa
Elemento de entrada González Herrera
Parte del nombre distinta del elemento de entrada Carlos
Fechas 1957-2023
Número Koha 12529
801 #0 - Fuente de origen
País FR
Agencia cm
Reglas de catalogación (convenciones descriptivas) AFNOR
900 ## -
-- 1/22164
900 ## -
-- 7100417642\080104
942 ## - ELEMENTOS DE ENTRADA SECUNDARIOS (KOHA)
Tipo de ítem Koha Livre
996 ## -
-- MEX
-- 751145101
-- MMAG
-- 008158
-- 972.019 G643C
-- 20230705LIV
Exemplaires
Estatus retirado Estado de daño Estado de pérdida Fecha de adquisición Biblioteca de origen Biblioteca actual Ubicación en estantería Código de barras Precio de reemplazo Signatura topográfica completa No para préstamo Tipo de ítem Koha Nota pública Nota no pública
      05/08/2025 Casa México Paris Casa México Paris   008158 05/08/2025 972.019 G643C   Livre 20230705LIV 751145101